000 00874nam a2200265Ia 4500
003 OSt
005 20221005111757.0
006 a|||||r|||| 00| 0
007 ta
008 221004b |||||||| |||| 00| 0 hin d
024 _a45043
037 _cTextual
040 _aCRL
_cCRL
_bhin
041 _2hin
_ahin
082 _aO152,1N75,1, M8
100 _aमाचवे, प्रभाकर, ले.
245 0 _aविश्वकर्मा
246 _aVishvakarmā
260 _aमेरठ
_bभारतीय साहित्य प्रकाशन भारत
_c1988
300 _a100पृ0
_ccm.
650 _a हिन्दी साहित्य
650 _aहिन्दी कविता
942 _hO152,1N75,1, M8
_cTEXL
_2cc
999 _c1022863
_d1022863